000 00830nam a2200265Ia 4500
003 OSt
005 20220927103615.0
006 a|||||r|||| 00| 0
007 ta
008 220926b |||||||| |||| 00| 0 eng d
024 _a120466
037 _cReference Collections
040 _aRTL
_cRTL
_beng
041 _2eng
_aeng
082 _a"T:3(J).4.N64<---N60, K4/UN"
100 _aChang C. W.
_9360410
245 0 _aPresent status of agricultural education development in Asia and the Far East
260 _aBangkok
_bFood and Agriculture Organization
_c1964
300 _a75p
_ccm.
490 _vV2
650 _a Education
_9360411
650 _aTeaching Techniques
_9360412
942 _h"T:3(J).4.N64<---N60, K4/UN"
_cCC
999 _c684256
_d684256